000 01387nam a2200313 a 4500
001 000030129
005 20250701121838.0
008 110429s2006 dr 000 0 spa d
040 _aDO-SdBNP
_bspa
_cBNPHU
082 _a303.483
_bF727s
111 1 _aForo Presidencial por la Excelencia de la Educación
_d(2006 nov. :
_cSanto Domingo)
_956831
245 1 0 _aSituación y perspectivas de la ciencia y la tecnología en el contexto de la globalización, la sociedad del conocimiento y del TLC /
_cAlerso Pimentel...[et. al.] ; coordinadora Bernarda Castillo.
260 _aSanto Domingo :
_bSEESCYT,
_c2006.
300 _a39 p. ;
_c25 cm.
504 _aBibliografía : p. 39
590 _aInventariado, 2018/BT
650 4 _aCiencia y tecnología
_920738
650 4 _aPolítica científica
_zRepública Dominicana
_956832
650 4 _aTratados comerciales
_zRepública Dominicana
_912395
650 4 _aSociología de la ciencia
_925764
650 4 _aPolítica tecnológica
_zRepública Dominicana
_919564
700 1 _aPimentel, Alerso
_956833
700 1 _aCastillo, Bernarda
_ecoord.
_956834
700 1 _aVásquez, Franklyn
_956835
700 1 _aCiprián, Miguel
_956829
700 1 _aGonzález de Lora, Sarah
_929817
710 1 _aRepública Dominicana.
_bSecretaría de Estado de Educación Superior, Ciencia y Tecnología
_918778
910 _aValidado. Control de calidad. EMS
999 _c29621
_d29621